Le plus grande ville commençant par H dans ce pays - Statistiques

Statistiques générales
  • Ce quiz a été pris 202 fois
  • Le résultat moyen est 7 sur 15
Statistiques - réponses
Pays H-ville % Correct
Finlande Helsinki
96%
Allemagne Hambourg
91%
Zimbabwe Harare
71%
Vietnam Ho-Chi-Minh-ville
67%
États-Unis Houston
63%
Îles Salomon Honiara
58%
Japon Hiroshima
54%
Gréce Héraklion
46%
Inde Hyderabad
31%
France Hyéres
30%
Australie Hobart
28%
Syrie Homs
22%
Somalie Hargeisa
21%
Canada Hamilton
14%
Thailande Hua Hin
4%
Aucun quiz correspondant
Distribution des résultats
% des personnes avec chaque résultat
Percentile par nombre de réponses
Votre historique - résultats
Vous n’avez pas pris ce quiz